Diseses Of corop Plants IN India (Record no. 445)

MARC details
000 -LEADER
fixed length control field 00345nam a22001457a 4500
020 ## - INTERNATIONAL STANDARD BOOK NUMBER
International Standard Book Number 81-203-1247-3
041 ## - LANGUAGE CODE
Language code of text/sound track or separate title ENG
100 ## - MAIN ENTRY--PERSONAL NAME
Personal name Rangaswami .G
245 ## - TITLE STATEMENT
Title Diseses Of corop Plants IN India
260 ## - PUBLICATION, DISTRIBUTION, ETC. (IMPRINT)
Place of publication, distribution, etc Delhi
Name of publisher, distributor, etc Prentics Hall Of India
Date of publication, distribution, etc 1999
300 ## - PHYSICAL DESCRIPTION
Extent 536
650 ## - SUBJECT ADDED ENTRY--TOPICAL TERM
Topical term or geographic name as entry element Agricultural
700 ## - ADDED ENTRY--PERSONAL NAME
Personal name Mahadevan .A
856 ## - ELECTRONIC LOCATION AND ACCESS
Uniform Resource Identifier Agricultural
Holdings
Withdrawn status Lost status Source of classification or shelving scheme Damaged status Not for loan Home library Current library Shelving location Date acquired Total Checkouts Barcode Date last seen Price effective from Koha item type
    Dewey Decimal Classification     College of Agricultural Engineering and Technology, Dapoli , Library College of Agricultural Engineering and Technology, Dapoli , Library Book Cart 26/08/2021   000830 26/08/2021 26/08/2021 Books
    Dewey Decimal Classification     College of Agricultural Engineering and Technology, Dapoli , Library College of Agricultural Engineering and Technology, Dapoli , Library Book Cart 26/08/2021   000831 26/08/2021 26/08/2021 Books
    Dewey Decimal Classification     College of Agricultural Engineering and Technology, Dapoli , Library College of Agricultural Engineering and Technology, Dapoli , Library Book Cart 26/08/2021   000832 26/08/2021 26/08/2021 Books

Contact Us: College of Agricultural Engineering and Technology, Dapoli, Dist.- Ratnagiri
Website: https://dbskkv.org Email: caetlibrary2015@gmail.com